01022nam a22002055i 4500001000700000003000900007005001700016008004100033040002000074080002100094100003900115245013600154260005500290300002100345490012600366500009800492700003900590830012800629852005900757157249ES-MaACL20250826150932.0040817s1842 sp |||| | spa d aCAM bspa cCAM a821.133.1-23"18"1 aLaurencin, cMonsieur, d1808-189013aUn casamiento provisional b: comedia en un acto / cescrita en francés por Mr. Laurencin ; (traducción de J. de la C. Tirado). aMadrid : b[s.n., c1842?] (fImp. de F. Suárez) a18 p. ; c26 cm.1 aMuseo dramático, colección de comedias del teatro estrangero [sic] representadas en los principales de la corte ; v1 aRepresentada por primera vez en Madrid, en el teatro de la Cruz el día 12 de julio de 1842.1 aTirado, Juan de la Cruz, dn. 181200aMuseo dramático ó Colección de comedias del teatro estranjero representadas en los principales teatros de la cortev1 aES-MaACLjF-7488(7) z-- Enc. hol. en un vol. facticio